000 00502nam a22001577a 4500
005 20231120134743.0
008 231120b |||||||| |||| 00| 0 eng d
041 _aEnglish
082 _a343.4 ROO
100 _aRoos, FJ
_lEnglish
245 _aTaxation of Bills of Costs in the Superior Courts of South Africa /
_cFJ Roos
260 _aCape Town :
_bJuta and Company Ltd,
_c1947
300 _b186 pages ;
_c25 cm.
650 _aLegal practice
_bLaw
942 _cBK
_6ALISON_BN_VRIES
999 _c805
_d805